Štúdium zachytávania antibiotík na mikroplastoch

Guardado en:
Detalles Bibliográficos
Autor principal: Vargová, Lujza (Autor)
Otros Autores: Sirotiak, Maroš (Orientador)
Formato: Manuscrito Libro
Lenguaje:eslovaco
Publicado: 2019
Materias:
Acceso en línea:http://is.stuba.sk/zp/portal_zp.pl?podrobnosti=143544
Etiquetas: Agregar Etiqueta
Sin Etiquetas, Sea el primero en etiquetar este registro!

MARC

LEADER 00000ntm a22000003a 4500
001 stuzp74090
003 SK-STU
005 20190608212816.8
007 ta
008 150427s2015----xo-----f-mn---000-0-slo-d
040 |a STU  |b slo 
041 0 |a slo 
100 1 |a Vargová, Lujza  |u 065000  |k Z4  |4 aut  |U MTF Materiálovotechnologická fakulta  |T MTF Ústav integrovanej bezpečnosti  |X 64034  |U M5000  |Y 85  |7 64034 
242 0 1 |a Study of antibiotic capture on microplastics  |y eng 
245 1 0 |a Štúdium zachytávania antibiotík na mikroplastoch 
260 |c 2019 
650 4 |a mikroplasty  |2 slo 
650 4 |a antibiotiká  |2 slo 
650 4 |a životné prostredie  |2 slo 
650 4 |a kontaminanty  |2 slo 
650 4 |a adsorpcia  |2 slo 
650 4 |a microplastics  |2 eng 
650 4 |a antibiotics  |2 eng 
650 4 |a environment  |2 eng 
650 4 |a contaminants  |2 eng 
650 4 |a adsorption  |2 eng 
700 1 |a Sirotiak, Maroš  |u 065100  |k Z1  |4 ths  |U MTF Ústav integrovanej bezpečnosti  |T MTF Katedra environmentálneho inžinierstva  |X 3580  |U M5100  |Y 194  |7 A000003580 
856 4 |u http://is.stuba.sk/zp/portal_zp.pl?podrobnosti=143544 
996 |c M* DP-13942  |l MMSKP  |s P  |a 0  |w stuzp74090_0001